Tablas numéricas
Publicado:
Barcelona :
Servicio de Extensión de Enseñanzas Técnicas de la Diputación Prov. de Barcelona. Editorial y Escuela por correspondencia ,
1940
Descripción Física:
15 p. ; 22 cm
Materias:
Matemàtica -- Taules
MARC
| LEADER | 00000nam a2200000Ia 4500 | ||
|---|---|---|---|
| 001 | 8488 | ||
| 003 | BGR | ||
| 005 | 20260410113635.0 | ||
| 008 | 160829s1940 xx 000 0 cat d | ||
| 080 | |a FU-9-11 | ||
| 245 | |a Tablas numéricas | ||
| 260 | |a Barcelona : |b Servicio de Extensión de Enseñanzas Técnicas de la Diputación Prov. de Barcelona. Editorial y Escuela por correspondencia, |c 1940 | ||
| 300 | |a 15 p. ; |c 22 cm | ||
| 650 | |a Matemàtica |x Taules |9 21986 | ||
| 710 | 1 | |a Barcelona (Catalunya : Província). |b Diputació |0 Servei d'Extensió d'Ensenyaments Tècnics |9 52408 | |
| 856 | 4 | |u https://media.diba.cat/diba/fitxers/arxiu/fulletons/bib_8488_baixa.pdf |y Accés lliure | |
| 856 | 4 | |u https://media.diba.cat/diba/fitxers/arxiu/fulletons/bib_8488_baixa.pdf |y Accés lliure | |
| 900 | |a bib_8488_baixa.pdf | ||
| 901 | |a Arxiu | ||
| 942 | |n 1 |2 udc |c MON | ||
| 952 | |0 0 |1 0 |4 0 |6 FU911 |7 1 |9 41980 |a Arxiu |b Arxiu |d 2016-12-01 |l 0 |o FU-9-11 |p 8488 |r 2016-12-01 00:00:00 |w 2016-12-01 |y ARXIU | ||
| 999 | |c 44427 |d 44427 | ||